Anglais : les animaux - Statistiques

Statistiques générales
  • Ce quiz a été pris 267 fois
  • Le résultat moyen est 36 sur 64
Statistiques - réponses
Par images Réponse % Correct
cat
100%
dog
100%
horse
97%
cow
96%
lion
95%
pig
95%
tiger
95%
snake / serpent
94%
bear
93%
wolf
93%
elephant
92%
fish
92%
rabbit (or bunny)
91%
dolphin
88%
crocodile
87%
a fly
84%
spider
84%
butterfly
82%
fox
82%
giraffe
82%
bee
81%
shark
81%
monkey
79%
duck
77%
turtle
76%
zebra
75%
whale
73%
squirrel / chipmunk
71%
eagle
69%
mouse
69%
sheep
68%
mosquito
58%
rat
58%
goat
57%
hamster
55%
pigeon
53%
raccoon
52%
donkey
49%
hyena
47%
panther
44%
goldfish
42%
wasp
38%
guinea pig
37%
swan
34%
deer / stag / hart
28%
worm
27%
raven
25%
hedgehog
24%
flamingo
23%
cheetah
21%
caterpillar
18%
seagull
18%
moth
15%
grasshopper
14%
gazelle / antelope
13%
firefly
12%
boar
11%
hare
11%
sparrow
9%
blackbird
7%
ape
6%
stork
6%
robin
5%
a swallow
4%
Aucun quiz correspondant
Distribution des résultats
% des personnes avec chaque résultat
Percentile par nombre de réponses
Votre historique - résultats
Vous n’avez pas pris ce quiz